| 000 | 00415nam a2200145Ia 4500 | ||
|---|---|---|---|
| 008 | 210210b1979 xxu||||| |||| 00| 0 eng d | ||
| 082 | _a330.15 KAUD | ||
| 100 | _aKAUR (Upinder Jit). | ||
| 245 | _aDevelopment of the theory of demand: Bernoulli to Marshall. | ||
| 260 |
_aND _bSterling publisers pvt. ltd. _c1979 |
||
| 300 | _avi,279 | ||
| 650 | _aTheory of demand. | ||
| 690 | _aEconomic Thought | ||
| 906 | _a035923 | ||
| 999 |
_c86608 _d86608 |
||